Score 0/24 Timer 07:00
2 Plays Today
% Correct
Hermione Granger
91.4%
Hermione Granger
90.5%
Hermione Granger
90.4%
Ron Weasley
90.2%
Hermione Granger
89.9%
Harry Potter
89.1%
Ron Weasley
86.8%
Ron Weasley
83.9%
Harry Potter
82.3%
Harry Potter
80.4%
Hermione Granger
77.8%
Hermione Granger
77.8%
% Correct
Harry Potter
76.5%
Ron Weasley
75.7%
Ron Weasley
75.5%
Hermione Granger
72.9%
Harry Potter
71.2%
Ron Weasley
69.9%
Hermione Granger
65.6%
Harry Potter
63.9%
Harry Potter
58.7%
Harry Potter
56.7%
Ron Weasley
47.7%
Ron Weasley
40.6%
Remove Ads.
Support Sporcle.
Get the best of Sporcle when you Go Orange. This ad-free experience offers more features, more stats, and more fun while also helping to support Sporcle. Thank you for becoming a member.

You're not logged in!

Compare scores with friends on all Sporcle quizzes.
OR
Log In

Show Comments

Extras

Top Quizzes Today


Score Distribution

Your Account Isn't Verified!

In order to create a playlist on Sporcle, you need to verify the email address you used during registration. Go to your Sporcle Settings to finish the process.

Report this User

Report this user for behavior that violates our Community Guidelines.

Details: